Introducción a la contabilidad financiera / (Registro nro. 2960)
[ vista simple ]
| 000 -LEADER | |
|---|---|
| fixed length control field | 00619nam a22002051a 4500 |
| 001 - CONTROL NUMBER | |
| control field | 2960 |
| 003 - CONTROL NUMBER IDENTIFIER | |
| control field | OSt |
| 005 - DATE AND TIME OF LATEST TRANSACTION | |
| control field | 20260204211833.0 |
| 008 - FIXED-LENGTH DATA ELEMENTS--GENERAL INFORMATION | |
| fixed length control field | 040519s1992||||mx ||||||b||||||||||spa|| |
| 082 ## - DEWEY DECIMAL CLASSIFICATION NUMBER | |
| Classification number | 657 W667i |
| 100 1# - ASIENTO PRINCIPAL -- NOMBRE PERSONAL | |
| Personal name | Wuicox, Kirland A. |
| Relator term | autor |
| 245 10 - TÍTULO PROPIAMENTE DICHO: SUBTÍTULO | |
| Title | Introducción a la contabilidad financiera / |
| Statement of responsibility, etc. | Kirkland A. Wuicox |
| 260 ## - PUBLICATION, DISTRIBUTION, ETC. | |
| Place of publication, distribution, etc. | primera edición |
| 264 ## - PRODUCTION, PUBLICATION, DISTRIBUTION, MANUFACTURE, AND COPYRIGHT NOTICE | |
| Place of production, publication, distribution, manufacture | México : Continental, |
| 300 ## - PHYSICAL DESCRIPTION | |
| Extensión | 840 páginas : |
| Other physical details | Ilustraciones ; |
| Dimensions | 24x16.5cm. |
| 504 ## - BIBLIOGRAPHY, ETC. NOTE | |
| Bibliography, etc. note | Incluye referencia bibliográfica e índice |
| 650 #7 - ASIENTO SECUNDARIO DE MATERIA -- TERMINO TEMÁTICO | |
| Termino Temático Como Elemento de Entrada | LEMB |
| Termino Temático que Sigue al Nombre Geográfico como Elemento de Entrada | Análisis Financiero |
| 700 ## - ASIENTO SECUNDARIO -- NOMBRE PERSONAL | |
| Personal name | San Miguel, JosephÌ |
| 942 ## - ADDED ENTRY ELEMENTS (KOHA) | |
| Source of classification or shelving scheme | Dewey Decimal Classification |
| Koha item type | Libros |
| Withdrawn status | Lost status | Source of classification or shelving scheme | Damaged status | Not for loan | Collection code | Current library | Shelving location | Date acquired | Inventory number | Full call number | Barcode | Date last seen | Copy number | Price effective from | Koha item type | Total Checkouts |
|---|---|---|---|---|---|---|---|---|---|---|---|---|---|---|---|---|
| Dewey Decimal Classification | Colección General | Biblioteca UTECO | En Estantería | 09/09/2019 | 003261 | 657 W667i | 003261 | 09/09/2019 | Ej.1 | 09/09/2019 | Libros | |||||
| Dewey Decimal Classification | Biblioteca UTECO | 09/09/2019 | 657.48 W667I | 003262 | 09/09/2019 | 09/09/2019 | Libros |
